Semana Nacional del Ganado Porcino y sus Industrias (Record no. 143110)

MARC details
000 -LEADER
campo de control de longitud fija 00748nam a2200181 4500
001 - NÚMERO DE CONTROL
campo de control 143110
003 - IDENTIFICADOR DE NÚMERO DE CONTROL
campo de control ES-MaACL
005 - FECHA Y HORA DE LA ÚLTIMA TRANSACCIÓN
campo de control 20230906200728.0
007 - CAMPO FIJO DE DESCRIPCIÓN FÍSICA--INFORMACIÓN GENERAL
campo de control de longitud fija t|
008 - DATOS DE LONGITUD FIJA--INFORMACIÓN GENERAL
campo de control de longitud fija 070214s1969 sp r ||||1| spa d
111 2# - ENTRADA PRINCIPAL--NOMBRE DE CONGRESO/REUNIÓN
Nombre de congreso/reunión o jurisdicción como elemento de entrada Semana Nacional del Ganado Porcino y sus Industrias (
Fecha del congreso o de la firma del tratado 1967.
Sede del congreso/Lugar de la reunión Barcelona)
9 (RLIN) 135202
245 10 - MENCIÓN DEL TÍTULO
Título Semana Nacional del Ganado Porcino y sus Industrias
Resto del título : 1967 diciembre, Palacio de las Naciones, de la Feria de Muestras de la Ciudad Condal.
260 ## - PUBLICACIÓN, DISTRIBUCIÓN, ETC.
Lugar de publicación, distribución, etc. Barcelona :
Nombre del editor, distribuidor, etc. [s.n.],
Fecha de publicación, distribución, etc. 1969.
300 ## - DESCRIPCIÓN FÍSICA
Extensión V, 542 p., 7 lám. ;
Dimensiones 24 cm.
500 ## - NOTA GENERAL
Nota general Precede al tít.: Ministerio de Agricultura. Dirección General de Ganadería.
710 00 - ENTRADA AGREGADA--NOMBRE DE ENTIDAD CORPORATIVA
Nombre de entidad corporativa o nombre de jurisdicción como elemento de entrada España.
Unidad subordinada Dirección General de Ganadería.
9 (RLIN) 3738
852 ## - LOCALIZACIÓN
Ubicación ES-MaACL
Número de control de estantería C-42293
Sublocalización o colección R.70867
Holdings
Estatus retirado Estado de pérdida Estado de daño No para préstamo Biblioteca de origen Biblioteca actual Ubicación en estantería Fecha de adquisición Fuente de adquisición Total de préstamos Signatura topográfica completa Código de barras Visto por última vez Precio de reemplazo Tipo de ítem Koha
        Biblioteca del Ateneo de Madrid Biblioteca del Ateneo de Madrid Depósito 2 17/01/2008     C-42293 1148897 23/02/2023 23/02/2023 Libro impreso